Pharaon : le rêve le plus long de l'histoire.

محفوظ في:

التنسيق: كتاب

اللغة: French

منشور في: Paris : Le Figaro magazine, 2002.

سلاسل: Hors-serie.

الموضوعات:

الوسوم: إضافة وسم

لا توجد وسوم, كن أول من يضع وسما على هذه التسجيلة!

رقم الطلب: N5350 .P436 2002

LEADER 00665namaa2200241 4500
001 25181
003 OSt
005 20250821082945.0
008 130303s2002 fr a 000 0 fre d
040 |c ARCE Library 
043 |a f-ua--- 
050 4 |a N5350 .P436 2002 
245 0 0 |a Pharaon :   |b le rêve le plus long de l'histoire. 
264 1 |a Paris :   |b Le Figaro magazine,   |c 2002. 
300 |a 129 pages :  |b illustrations ;  |c 30 cm. 
490 0 |a Hors-serie. 
650 0 |a Pharaohs. 
650 0 |a Art, Egyptian   |v Exhibitions. 
650 0 |a Art, Ancient   |z Egypt   |v Exhibitions. 
651 0 |a Egypt  |x Antiquities. 
901 |a reviewed 
942 |c BK  |2 lcc 
999 |c 21136  |d 21136